Missing TV Places Quiz Stats

Quiz Updated Dec 25, 2015

Also try: TV Shows By State
Challenge
Share
Tweet
Embed
Score 0/22 Timer 04:00
0 Plays Today
% Correct
Bel-Air
97.6%
America
96.6%
Hawaii
96.6%
Miami
96.5%
Beverly Hills
95.8%
Hazzard
95.3%
Texas
94.4%
Philadelphia
93.3%
Queens
93.3%
Boston
92.7%
Melrose
92%
% Correct
California
84.6%
Reno
84.2%
LA
82.6%
United States
81.8%
Cleveland
81.6%
Chicago
81.2%
Cincinnati
76.4%
New Orleans
76.3%
Austin
75.4%
San Francisco
69.7%
China
62.8%

You're not logged in!

Compare scores with friends on all Sporcle quizzes.
Sign Up with Email
OR
Log In

You Might Also Like...

Show Comments

Extras

Top Quizzes Today


Score Distribution

Your Account Isn't Verified!

In order to create a playlist on Sporcle, you need to verify the email address you used during registration. Go to your Sporcle Settings to finish the process.